00510nam a2200157Ia 4500082001600000100002400016100002700040100003800067245003900105260002700144300000800171700004800179700004000227700004700267700003800314 aR/5BS(CS)09 aAbdul Latif Soomro  aRoll No. 09-08BS(CS)37 aSupervisor - Ms. Mehwish Leghari  0aMine Blog Social Networking Site.  aNawabshahbQUESTc2013 a76p aZain-ul-Abdin Rahu (Roll No. 09-08BS(CS)47) aRabail Gopang (Roll No. 09BS(CS)01) aIftikhar Ali Solangi (Roll No. 09BS(CS)29) aAsma Shaikh (Roll No. 09BS(CS)46)